Novels 1871 - 1880

Đã lưu trong:
书目详细资料
主要作者: James, Henry
格式: 图书
语言:Undetermined
出版: New York, NY The Library of America 1983
主题:
标签: 添加标签
没有标签, 成为第一个标记此记录!
Thư viện lưu trữ: Trung tâm Học liệu Trường Đại học Cần Thơ
LEADER 00545nam a2200205Ia 4500
001 CTU_125548
008 210402s9999 xx 000 0 und d
020 |c 30.40 
082 |a 813.4 
082 |b J27 
100 |a James, Henry 
245 0 |a Novels 1871 - 1880 
245 0 |c Henry James ; Edited by William T. Stafford 
260 |a New York, NY 
260 |b The Library of America 
260 |c 1983 
650 |a American fiction 
650 |y 19th century 
904 |i Minh 
980 |a Trung tâm Học liệu Trường Đại học Cần Thơ